000 01286pam a2200325 a 4500
999 _c332452
_d332452
001 2385635
003 NUST
005 20180117110948.0
008 850201s1985 nyua b 001 0 eng
010 _a 85003221
020 _a0471822175 :
_c$32.50 (est.)
040 _aDLC
_cDLC
_dDLC
050 0 0 _aS592.5
_b.B63 1985
082 0 0 _a631.41 BOH
_219
100 1 _aBohn, Hinrich L.,
_d1934-
_96993
245 1 0 _aSoil chemistry /
_cHinrich L. Bohn, Brian L. McNeal, George A. O'Connor.
250 _a2nd ed.
260 _aNew York :
_bWiley,
_cc1985.
300 _axiv, 341 p. :
_bill. ;
_c24 cm.
500 _a"A Wiley-Interscience publication."
501 _aH.B
504 _aIncludes bibliographies and indexes.
650 0 _aSoil chemistry.
_96518
700 1 _aMcNeal, Brian Lester,
_d1938-
_96994
700 1 _aO'Connor, George A.,
_d1944-
_96995
856 4 _3Table of Contents only
_uhttp://www.loc.gov/catdir/toc/onix05/85003221.html
856 4 2 _3Contributor biographical information
_uhttp://www.loc.gov/catdir/enhancements/fy0607/85003221-b.html
856 4 2 _3Publisher description
_uhttp://www.loc.gov/catdir/enhancements/fy0607/85003221-d.html
906 _a7
_bcbc
_corignew
_d1
_eocip
_f19
_gy-gencatlg
942 _2ddc
_cBK
_kIESE